Tiere mit U oder V - Statistiken

Allgemein
  • Dieses Quiz wurde 73 mal gespielt
  • Das Durchschnittsergebnis liegt bei 3 aus 9
Antwortstatistiken
Hint Antwort % Korrekt
Vogel Uhu
95%
Insekt/Spinnentier Vogelspinne
59%
Amphibie Unke
44%
Reptil Viper
41%
Säugetier Vielfraß
25%
Säugetier Vampirfledermaus
13%
Sonstiges Urzeitkrebs
10%
Sonstiges Venusmuschel
2%
Säugetier Urson
0%
Keine übereinstimmenden Quizze gefunden
Verteilung der Resultate
Anzahl Personen mit jedem Resultat
Perzentil nach korrekt beantworteten Fragen
Ihre Resultats-Entwicklung
Sie haben dieses Quiz noch nicht gespielt